| 000 | 00641nam a22002177a 4500 | ||
|---|---|---|---|
| 999 |
_c5572 _d5572 |
||
| 001 | 20945 | ||
| 003 | BD-DhUAP | ||
| 005 | 20201215123038.0 | ||
| 008 | 201215r20092016ii a|||| |||| 001 0 eng d | ||
| 020 | _a0070146144 | ||
| 020 | _a9780070146143 | ||
| 040 |
_aBD-DhUAP _bEng _cBD-DhUAP _dBD-DhUAP |
||
| 082 |
_223 _a620.1 NEL |
||
| 100 | _aNelson, A. | ||
| 245 |
_aEngineering mechanics : _bstatics and dynamics / _cA. Nelson. |
||
| 260 |
_aNew Delhi : _bTata McGraw Hill, _c©2009 [Reprinted 2016]. |
||
| 300 |
_avarious pages : _billustrations ; _c25 cm. |
||
| 500 | _aIncludes index. | ||
| 650 | _aMechanics, Applied. | ||
| 942 |
_2ddc _cBK |
||